Introduction to educational research / (Record no. 51361)

MARC details
000 -LEADER
fixed length control field 00467nam a2200169Ia 4500
005 - DATE AND TIME OF LATEST TRANSACTION
control field 20260429111914.0
008 - FIXED-LENGTH DATA ELEMENTS--GENERAL INFORMATION
fixed length control field 260429s9999||||xx |||||||||||||| ||und||
020 ## - INTERNATIONAL STANDARD BOOK NUMBER
International Standard Book Number 9789394797550
041 ## - LANGUAGE CODE
Language English
082 ## - DEWEY DECIMAL CLASSIFICATION NUMBER
Classification number 370.76
Item number GOO
100 ## - MAIN ENTRY--PERSONAL NAME
Personal name Good, Carter V.
245 #0 - TITLE STATEMENT
Title Introduction to educational research /
Statement of responsibility, etc Carter V. Good
260 ## - PUBLICATION, DISTRIBUTION, ETC. (IMPRINT)
Place of publication, distribution, etc Haryana :
Name of publisher, distributor, etc Shubhi Publications,
Date of publication, distribution, etc 2024.
300 ## - PHYSICAL DESCRIPTION
Extent xii, 414 p.; hb
650 ## - SUBJECT ADDED ENTRY--TOPICAL TERM
Topical term or geographic name as entry element Educational research
942 ## - ADDED ENTRY ELEMENTS (KOHA)
Koha item type Text Books
Holdings
Withdrawn status Lost status Damaged status Not for loan Collection code Home library Location Shelving location Date of Cataloging Source of acquisition Total Checkouts Full call number Barcode Date last seen Price effective from Koha item type
        Non-fiction CUTN Central Library CUTN Central Library Social Sciences 29/04/2026 Shanti Books, Chennai - Invoice No. 3100 on 09-02-2026   370.76 GOO 56312 29/04/2026 29/04/2026 Text Books